000
00286nam a2200133Ia 4500
008
190216s9999||||xx |||||||||||||| ||und||
100
_a
Chatterji. Pn
245
0
_a
Trigonometry
250
_a
8st Ed.
260
_b
Null
_c
1977
300
_a
178p
650
_a
Mathematics
942
_c
BK
999
_c
30583
_d
30583